000 00543nam a22001457a 4500
020 _a978-0-099-46547-8
082 _a823
_bPUZ/G
100 _aPUZO'S,MARIO
245 _aTHE GOD FATHER
260 _aUK
_bARROW BOOKS
300 _a656
520 _aThe novel is about the Corleone family and the war between the Five Families that run the crime world in New York. Vito Corleone is shot and it leads to an all-out war in which Corleone's two sons Sonny and Michael have to run the family business.
650 _aENGLISH-NOVEL
_zUK
942 _cBK
999 _c3174
_d3174